Dnd & Mtg race quiz - Statistics

General Stats
  • This quiz has been taken 509 times
    498 since last reset
  • The average score is 19 of 59
Answer Stats
no. Answer % Correct
2 elf
97%
1 human
97%
3 dwarf
91%
23 orc
81%
8 half-elf
80%
4 halfling
78%
9 half-orc
76%
6 dragonborn
74%
5 gnome
72%
20 goblin
70%
13 aasimar
46%
11 goliath
43%
7 teifling
42%
41 fairy
41%
17 tabaxi
41%
10 genasi
38%
22 kobold
38%
12 aarakocra
37%
32 centaur
36%
19 bugbear
34%
21 hobgoblin
34%
33 minotaur
33%
25 tortle
33%
31 changeling
32%
50 gith
32%
16 lizardfolk
31%
28 warforged
31%
15 kenku
30%
38 satyr
26%
24 yuan-ti
26%
14 firbolg
24%
18 triton
24%
39 leonin
23%
30 shifter
23%
42 owlin
21%
35 loxodon
20%
46 plasmoid
18%
45 dhampir
17%
40 harengon
17%
48 giff
16%
27 grung
16%
59 merfolk
16%
29 kalashtar
15%
34 vedalken
15%
51 autognome
14%
36 simic hybrid
13%
47 thri-kreen
13%
49 hadozee
12%
26 locathah
11%
44 reborn
11%
37 verdan
11%
43 hexblood
9%
53 siren
9%
56 naga
8%
52 kor
6%
57 aetherborn
4%
54 aven
4%
58 viashino
4%
55 khenra
2%
No matching quizzes found
Score Distribution
Percent of People with Each Score
Percentile by Number Answered
Your Score History
You have not taken this quiz since the last reset